000 00606ckm a22002055a 4500
001 L140604
008 071001n xxk eng u
035 _a(Sirsi) u140604
041 0 _aeng
110 1 _aLarkin Bros. Ltd
245 0 1 _a[Photograph of the Kent Room at 12 Great George Street]
260 _c[c.1940-1950?]
300 _a1 photograph
_bb+w
_c15 x 21 cm.
340 _aPhotograph
351 _aSingle item
500 _aPhotograph of the current Kent Room on the ground floor of 12 Great George Street, taken in 1940-1950(?).
651 4 _aLondon
690 _aABOUT RICS
942 _n0
999 _c116386
_d116386